Online
Catalog

Los juegos de la escritura o la (re)escritura de la historia / (Record no. 1626)

MARC details
000 -CABECERA
campo de control de longitud fija 01029nam a2200277 a 4500
001 - NÚMERO DE CONTROL
campo de control 000001748
005 - FECHA Y HORA DE LA ÚLTIMA TRANSACCIÓN
campo de control 20200929145703.0
008 - DATOS DE LONGITUD FIJA--INFORMACIÓN GENERAL
campo de control de longitud fija 090626s2007 cu 001 spa d
020 ## - NÚMERO INTERNACIONAL ESTÁNDAR DEL LIBRO
Número Internacional Estándar del Libro 9789592602038
040 ## - FUENTE DE LA CATALOGACIÓN
Centro catalogador/agencia de origen DO-SdBNP
082 ## - NÚMERO DE LA CLASIFICACIÓN DECIMAL DEWEY
Número de clasificación Cu860.5
Número de documento/Ítem A162
100 1# - ENTRADA PRINCIPAL--NOMBRE DE PERSONA
Nombre de persona Abreu Arcia, Alberto,
Fechas asociadas al nombre 1961-
9 (RLIN) 5685
245 14 - MENCIÓN DE TÍTULO
Título Los juegos de la escritura o la (re)escritura de la historia /
Mención de responsabilidad, etc. Alberto Abreu Arcia.
246 13 - FORMA VARIANTE DE TÍTULO
Título propio/Titulo breve La rescritura de la historia
260 ## - PUBLICACIÓN, DISTRIBUCIÓN, ETC.
Lugar de publicación, distribución, etc. La Habana :
Nombre del editor, distribuidor, etc. Casa de las Américas,
Fecha de publicación, distribución, etc. 2007.
300 ## - DESCRIPCIÓN FÍSICA
Extensión 387 p. ;
Dimensiones 19 cm.
440 #0 - MENCIÓN DE SERIE/PUNTO DE ACCESO ADICIONAL--TÍTULO
Título Arte de nuestra América
9 (RLIN) 5686
586 ## - NOTA DE PREMIOS
Nota de premios Premio Casa de las Américas 2007, ensayo artístico-literario
504 ## - NOTA DE BIBLIOGRAFÍA, ETC.
Nota de bibliografía, etc. Incluye referencias bibliográficas y notas al pie de las páginas
650 #4 - PUNTO DE ACCESO ADICIONAL DE MATERIA--TÉRMINO DE MATERIA
Término de materia o nombre geográfico como elemento de entrada Literatura cubana
Subdivisión general Historia y crítica
9 (RLIN) 5687
651 #4 - PUNTO DE ACCESO ADICIONAL DE MATERIA--NOMBRE GEOGRÁFICO
Nombre geográfico Cuba
Subdivisión general Vida Intelectual
9 (RLIN) 5688
651 #4 - PUNTO DE ACCESO ADICIONAL DE MATERIA--NOMBRE GEOGRÁFICO
Nombre geográfico Cuba
Subdivisión general Vida Cultura
9 (RLIN) 5689
650 #4 - PUNTO DE ACCESO ADICIONAL DE MATERIA--TÉRMINO DE MATERIA
Término de materia o nombre geográfico como elemento de entrada Estilo literario
9 (RLIN) 5690
650 #4 - PUNTO DE ACCESO ADICIONAL DE MATERIA--TÉRMINO DE MATERIA
Término de materia o nombre geográfico como elemento de entrada Ensayos cubanos
9 (RLIN) 5691
910 ## - DATOS DE OPCIÓN DEL USUARIO (OCLC)
Datos de opción del usuario Validado. Control de calidad MMOLINA
999 99 - NÚMEROS DE CONTROL DE SISTEMA (KOHA)
-- 0000078
Holdings
Estado de retiro Estado de pérdida Restricciones de uso No para préstamo Código de colección Localización permanente Ubicación/localización actual Ubicación en estantería Fecha de adquisición Número de inventario Total de préstamos Signatura topográfica completa Código de barras Fecha visto por última vez Precio válido a partir de Tipo de ítem Koha
    Préstamo interno   Monografías: Libros y Folletos General General Depósito 26.06.2009 LF1   Cu860.5 A162 1748-10 25.06.2020 25.06.2020 Préstamo interno

Powered by Koha